000 00716nam a2200277Ia 4500
003 OSt
005 20221007104134.0
006 a|||||r|||| 00| 0
007 ta
008 221006b |||||||| |||| 00| 0 eng d
020 _a8129703475
024 _a15,014
037 _cTextual
040 _aLCO
_cLCO
_beng
041 _2eng
_aeng
082 _aZOaX, P4
100 _aCooter Robert
245 0 _aLaws and Economics
250 _a4th
260 _aDelhi
_bPearson Education (Singapore) Pte. Ltd. India
_c2004
300 _a533
650 _aLAW AND ECONOMICS
_9431663
700 _a Ulen Thomas
942 _hZOaX, P4
_cTEXL
999 _c1184577
_d1184577